000 00484nam a22001937a 4500
003 MPLRDC
005 20220104183524.0
008 210129b ||||| |||| 00| 0 eng d
020 _a7-5350-2922-1
082 _a380.8 HJC
100 _a胡锦矗
245 _a追踪大熊猫的岁月
_c
250 _a一版一刷
260 _a中国
_b海燕出版社
_c2005
300 _b
490 _a中国科学家探险手记
650 _a动物学总论
942 _cBK
_o380.8 HJC
999 _c62438
_d62428